Pays de la Méditerranée orientale après la IV ème Croisade - Statistiques

Statistiques générales
  • Ce quiz a été pris 145 fois
  • Le résultat moyen est 11 sur 23
Réponses sur la Carte
Les réponses sont colorées sur une échelle allant du rouge au vert en fonction du pourcentage des utilisateurs qui les ont devinées à leur premier essai. Vous pouvez retrouver ces pourcentages ci-dessous.
 
Statistiques - réponses
Réponse % Correct
Royaume de {Chypre}
83%
Royaume de {Jérusalem}
72%
République de {Venise}
67%
Principauté d'{Antioche}
66%
Royaume de {Sicile}
64%
Second Empire bulgare
58%
Duché d'{Athènes}
52%
Empire {latin de Constantinople}
51%
Royaume de {Hongrie}
51%
Sultanat de {Roum}
51%
Comté de {Tripoli}
50%
Royaume {arménien de Cilicie}
49%
{Rascie} / Royaume de {Serbie}
44%
Despotat d'{Épire}
43%
Saint-Empire romain germanique
42%
États pontificaux
40%
Empire de {Nicée}
36%
Royaume de {Thessalonique}
33%
{Rhodes} (principauté indépendante)
29%
Sultanat {ayyoubide}
29%
Duché de {Naxos}
20%
Principauté d'{Achaïe}
18%
Duché de {Candie}
10%
Aucun quiz correspondant
Distribution des résultats
% des personnes avec chaque résultat
Percentile par nombre de réponses
Votre historique - résultats
Vous n’avez pas pris ce quiz